Alike but different

Bibliographic Details
Other Authors: GOELTRY M, GRAY, Bill
Format: Book
Published: New York : Learning Trends , 1974
Subjects:

MARC

LEADER 00000cam a2200000 7i4500
001 0000000564
002 000000653
005 20000330.0
020 |a 087065912X 
090 0 0 |a 428   |b ALI 
245 0 0 |a Alike but different   |c edited by M. Goltry illustrated by Bill Gray 
260 |a New York :   |b Learning Trends ,   |c 1974 
300 |a 175p 
650 0 0 |a English language   |x Study and teaching 
700 1 |a GOELTRY M 
700 1 |a GRAY, Bill 
999 |a 0000970   |b BUKU   |c PINJAMAN   |e PERPUSTAKAAN KOMUNITI PETALING JAYA 
999 |a 0971   |b BUKU   |c PINJAMAN   |e PERPUSTAKAAN KOMUNITI PETALING JAYA